Iglesia y nuestra responsabilidad frente a ella; tres conferencias, retiro espiritual. (Record no. 14574)
[ view plain ]
| 000 -LEADER | |
|---|---|
| campo de control de longitud fija | 00743ntaaa2200181 4500 |
| 003 - IDENTIFICADOR DE NÚMERO DE CONTROL | |
| campo de control | 01 |
| 005 - FECHA Y HORA DE LA ÚLTIMA TRANSACCIÓN | |
| campo de control | 20251027202001.0 |
| 008 - DATOS DE LONGITUD FIJA--INFORMACIÓN GENERAL | |
| campo de control de longitud fija | 0714s1973 ag 01 |
| 040 ## - FUENTE DE CATALOGACIÓN | |
| Centro catalogador/agencia de origen | AR-BaBN |
| Lengua de catalogación | spa |
| Centro/agencia transcriptor | AR-BaBN |
| Normas de descripción | aacr |
| Centro/agencia modificador | RIC |
| 082 ## - NÚMERO DE LA CLASIFICACIÓN DECIMAL DEWEY | |
| Número de clasificación | 260.0000 Ed5 |
| 100 ## - ENTRADA PRINCIPAL--NOMBRE DE PERSONA | |
| Nombre de persona | Edmeston, Rhoda C. |
| 9 (RLIN) | 18437 |
| 245 ## - MENCIÓN DEL TÍTULO | |
| Título | Iglesia y nuestra responsabilidad frente a ella; tres conferencias, retiro espiritual. |
| 250 ## - MENCION DE EDICION | |
| Mención de edición | 1 ed. : |
| Resto de la mención de edición | s.l., |
| -- | c/938 |
| 300 ## - DESCRIPCIÓN FÍSICA | |
| Extensión | 56 p. |
| 500 ## - NOTA GENERAL | |
| Nota general | "El ideal de la iglesia en la espístola a los Efesios" por la Dra. Rhoda C. Edmeston. "La iglesia evangélica: su esencia e ideales" por Dr. B. F. Stockwell. "Nuestra responsabilidad frente al futuro de la iglesia evangélica de nuestros padres" por E. C. Balloch. |
| 650 ## - PUNTO DE ACCESO ADICIONAL DE MATERIA--TÉRMINO DE MATERIA | |
| Término de materia o nombre geográfico como elemento de entrada | Iglesia |
| 942 ## - ELEMENTOS DE ENTRADA SECUNDARIOS (KOHA) | |
| Tipo de ítem Koha | Colección General |
| Estatus retirado | Estado de pérdida | Estado de daño | No para préstamo | Biblioteca de origen | Biblioteca actual | Fecha de adquisición | Número de inventario | Total de préstamos | Signatura topográfica completa | Código de barras | Visto por última vez | Precio de reemplazo | Tipo de ítem Koha |
|---|---|---|---|---|---|---|---|---|---|---|---|---|---|
| Biblioteca Pluis | Biblioteca Pluis | 27/10/2025 | 25503 | 260.0000 Ed5 | 25503 | 27/10/2025 | 27/10/2025 | Colección General |
